Catalog

Record Details

Catalog Search



But I didn't want a divorce : putting your life back together Cover Image Book Book

But I didn't want a divorce : putting your life back together Andre Bustanoby

Bustanoby, Andre (Author).

Record details

  • ISBN: 0-310-22171-4
  • Physical Description: 174 p.
  • Edition: 1st ed.
  • Publisher: Grand Rapids, Michigan Zondervan Publishing House 1978

Available copies

  • 1 of 1 copy available at Common Catalog SPOK.

Holds

  • 0 current holds with 1 total copy.
Show Only Available Copies
Location Call Number / Copy Notes Barcode Shelving Location Status Due Date
ETS Library 261.83589 424470003820 Volný výběr Available -

LDR 00725nam a2 00241
00132629
003CZ-PrJAB
00520030623000000.0
008030623s1978 xxu e |||| |eng
009us
020 . ‡a0-310-22171-4
035 . ‡a(CONS)1139
035 . ‡aKPS2649
041 . ‡aeng
08214. ‡a261.83589
100 . ‡71105 ‡aBustanoby, Andre
245 . ‡aBut I didn't want a divorce : ‡bputting your life back together ‡cAndre Bustanoby
250 . ‡a1st ed.
260 . ‡aGrand Rapids, Michigan ‡bZondervan Publishing House ‡c1978
300 . ‡a174 p.
653 . ‡aBut I didn't want a divorce ‡aputting your life back together
8524 . ‡bETS ‡bETS ‡cVolný výběr ‡j261.83589 ‡gA ‡p424470003820
910 . ‡aABG450
999 . ‡a1139 ‡bAUTOGEN ‡c1139 ‡tbiblio
905 . ‡uadmin
901 . ‡a32629 ‡b ‡c32629 ‡tbiblio ‡sets

Additional Resources